[Event "Wch-ch U08 Girls rapid"]
[Site "Minsk"]
[Date "2019.08.17"]
[Round "8"]
[White "Lyapina, Mariya"]
[Black "Izafatava, Kira"]
[Result "0-1"]
[WhiteElo "1178"]
[BlackElo "1111"]
[PlyCount "78"]
[EventDate "2019.08.16"]
[EventType "swiss (rapid)"]
[EventRounds "9"]
[EventCountry "BLR"]
[SourceTitle "EXT 2020"]
[Source "ChessBase"]
[SourceDate "2019.10.17"]
[SourceVersion "1"]
[SourceVersionDate "2019.10.17"]
[SourceQuality "1"]

1. e4 c5 2. d4 cxd4 3. c3 dxc3 4. Nxc3 Nc6 5. Bc4 e6 6. Nf3 Nf6 7. Bg5 Be7 8. 0-0 0-0 9. e5 Ng4 10. Bxe7 Qxe7 11. Re1 Qc5 12. Qe2 Nxf2 13. Qxf2 Qxc4 14. Ne4 Qb5 15. Nfg5 h6 16. Nd6 Qb6 17. Qxb6 axb6 18. Nf3 Nb4 19. Rec1 Nd3 20. Rc2 Nc5 21. b4 Nd3 22. a3 f6 23. Rc3 Nxe5 24. Nxe5 fxe5 25. Rac1 e4 26. Nxc8 e3 27. Nxb6 Ra6 28. Nxd7 Rd8 29. Nc5 e2 30. Nxa6 Rd1+ 31. Rxd1 exd1Q+ 32. Kf2 Qd4+ 33. Ke2 Qxc3 34. b5 Qxa3 35. Nc7 Qa2+ 36. Kf3 Qb3+ 37. Kg4 Qc4+ 38. Kh3 g5 39. b6 Qh4# 0-1